000
00305nam a2200133Ia 4500
008
230917s9999||||xx |||||||||||||| ||und||
040
_e
93673
_a
MAIN
041
_a
English
082
_a
677 G959S
100
_a
Gupta, Kuntal Sen
245
0
_a
Studies in core spun yarn
300
_a
84 p.
942
_c
TH
999
_c
214561
_d
214561